Grammar of the Film Language (Record no. 6358)

000 -LEADER
fixed length control field 00356nam a2200145Ia 4500
008 - FIXED-LENGTH DATA ELEMENTS--GENERAL INFORMATION
fixed length control field 190704s9999||||xx |||||||||||||| ||und||
020 ## - INTERNATIONAL STANDARD BOOK NUMBER
International Standard Book Number 9781879505070
082 ## - DEWEY DECIMAL CLASSIFICATION NUMBER
Classification number 415
Item number ARI/G
100 ## - MAIN ENTRY--PERSONAL NAME
Personal name Arijon, Daniel
245 #0 - TITLE STATEMENT
Title Grammar of the Film Language
250 ## - EDITION STATEMENT
Edition statement 1st Edition
260 ## - PUBLICATION, DISTRIBUTION, ETC.
Place of publication, distribution, etc. Los Angeles
Name of publisher, distributor, etc. Silman/James
Date of publication, distribution, etc. 1976
300 ## - PHYSICAL DESCRIPTION
Extent 624p.
942 ## - ADDED ENTRY ELEMENTS (KOHA)
Koha item type Book

No items available.

All Rights Reserved@MUIT

Powered by Koha